00411nam a2200169Ia 4500008004100000020001800041245001200059245005200071260001500123260001600138260000900154300001600163300002500179300001000204500000800214999001900222170705s9999 xx 000 0 und d a9780439353625 aSocks / cBeverly Clearly ; illustrated by Alan Tiegreen. aNew York : bScholastic, c1973 a156 pages : bcolor illustration ; c19cm. a890 c336433d336433